00596nam a22001937a 4500003001100000005001700011008004100028020001800069040003900087041000800126082001500134100002300149245007400172260004900246300003900295650002400334650002200358700002200380LK-CoMWRAF20231122111841.0231120b2007 |||||||| |||| 00| 0 eng d a9789551266745 aLK-CoMWRAFdLK-CoMWRAFeLK-CoMWRAF aeng a641.5bWEE aWeerasinghe, Disna aThe fine art of Sri Lankan cuisine: bclay pot style & other methods  aColombo: bVijitha Yapa Publications, c2007 axxiii, 111 p. : col. ill. ; 26 cm. aCOOKING, SRI LANKAN aClay pot cooking. a Ranaweera, Anula